Manner Postkarten edition men's art

Salvato in:
Dettagli Bibliografici
Ente Autore: Versand Katalog
Natura: Libro
Lingua:inglese
Tags: Aggiungi Tag
Nessun Tag, puoi essere il primo ad aggiungerne!!

MARC

LEADER 00000nam a2200000 4500
005 20240724170209.0
008 240724b |||||||| |||| 00| 0 eng d
040 |c GP 
110 |a Versand Katalog 
245 |a Manner Postkarten edition men's art 
942 |2 ddc  |c BK  |n 0 
952 |0 0  |1 0  |2 ddc  |4 0  |6 770_000000000000000_VER  |7 1  |9 1698  |a RM  |b RM  |d 2024-07-24  |l 0  |o 770 VER  |p 445  |r 2024-07-24 17:02:28  |w 2024-07-24  |y BK 
999 |c 1511  |d 1511